000 01136nam a22002775i 4500
001 162326
003 ES-MaACL
005 20250815011718.0
008 040912s1803 fr ac |||| | fre d
040 _aCAM
_bspa
_cCAM
100 0 _aPlutarco
_992678
245 1 4 _aLes vies des hommes illustres.
_nTome neuvième /
_cde Plutarque ; traduites en françois, avec des remarques historiques et critiques, par M. Dacier.
250 _aNouv. éd. rev. et corr.
260 _aA Lyon :
_bchez Amable Leroy,
_c1803.
300 _a[4], 399 p., [2] h. de grab. ;
_c17 cm.
505 8 _aContiene, según consta en port.: Alexandre, Jules César
595 _aDato de ed. precede a mención de parte.
597 _aSign.: []2, A-Q12, R8.
597 _aAntep.
599 _aLas h. de grab. xil., retratos de los biografiados.
600 0 4 _aAlejandro Magno.
_9125603
600 1 4 _aCésar, Cayo Julio,
_d100 a.C.-44 a.C.
_937671
700 1 _aDacier, André,
_d1651-1722
_9126689
852 _aES-MaACL
_jZ-261
_z-- Enc. pasta española
_z-- Ex-libris ms. de Juan Antonio Posse, cura de San Andrés
999 _c162326
_d162326